MARC

LEADER 00000nam0a2200000 4500
001 374998
005 20231102012709.0
035 |a (RuTPU)RU\TPU\retro\32433 
035 |a RU\TPU\book\306748 
090 |a 374998 
100 |a 20221219d1980 k y0rusy50 ca 
101 0 |a rus 
102 |a RU 
105 |a a z 001zy 
200 1 |a Герцинский магматизм Предсаянья  |e радиогеохимия, петрология, реконструкции  |f В. П. Ковалев  |g Академия наук СССР (АН СССР), Сибирское отделение (СО), Институт геологии и геофизики (ИГиГ) 
210 |a Новосибирск  |c Наука  |d 1980 
215 |a 423 с.  |c ил. 
225 1 |a Труды института геологии и геофизики СО АН СССР  |v Вып. 343 
320 |a Библиогр.: с. 397-422. 
606 1 |a Горные породы, метаморфические  |x Петрография  |2 stltpush  |3 (RuTPU)RU\TPU\subj\8136  |9 35620 
610 1 |a магматизм 
610 1 |a Красноярский край 
610 1 |a интрузивные комплексы 
610 1 |a строение 
610 1 |a состав 
610 1 |a химизм 
610 1 |a радиогеохимия 
610 1 |a Минусинский прогиб 
610 1 |a петрология 
610 1 |a реконструкция 
675 |a 552.4  |v 3 
700 1 |a Ковалев  |b В. П.  |g Виктор Прокофьевич 
712 0 2 |a Академия наук СССР (АН СССР)  |b Сибирское отделение (СО)  |b Институт геологии и геофизики (ИГиГ)  |c (Новосибирск)  |2 stltpush  |3 (RuTPU)RU\TPU\col\128 
801 1 |a RU  |b 63413507  |c 20150203 
801 2 |a RU  |b 63413507  |c 20221219  |g RCR 
942 |c BK